The economics of industrial subsidies

محفوظ في:
التفاصيل البيبلوغرافية
المؤلف الرئيسي: Whiting, Alan
التنسيق: كتاب
اللغة:Undetermined
منشور في: London Her Majesty's Sattionery Office 1976
الموضوعات:
الوسوم: إضافة وسم
لا توجد وسوم, كن أول من يضع وسما على هذه التسجيلة!
Thư viện lưu trữ: Trung tâm Học liệu Trường Đại học Cần Thơ
LEADER 00516nam a2200193Ia 4500
001 CTU_97828
008 210402s9999 xx 000 0 und d
082 |a 338.941 
082 |b W598 
100 |a Whiting, Alan 
245 4 |a The economics of industrial subsidies 
245 0 |c Alan Whiting 
260 |a London 
260 |b Her Majesty's Sattionery Office 
260 |c 1976 
650 |a Subsidies 
650 |z Great britain 
904 |i Tuyến 
980 |a Trung tâm Học liệu Trường Đại học Cần Thơ